The control of the reactivity of solids : a critical survey of the factors that influence the reactivity of solids, with special emphasis on the control of the chemical processes in relation to practical applications /

Bibliographic Details
Main Author: Boldyrev, V. V. (Vladimir Vi︠a︡cheslavovich)
Other Authors: Bulens, M., 1945-, Delmon, Bernard
Format: Book
Language:English
Published: Amsterdam ; New York : Elsevier Scientific Pub. Co. ; 1979.
Series:Studies in surface science and catalysis ; 2.
Subjects:

MARC

Tag First Indicator Second Indicator Subfields
LEADER 00000pam a2200000 i 4500
001 in00000095789
005 20150925085700.0
008 790313s1979 ne a b 00010 eng
010 |a  79010483  
020 |a 0444418008 
035 |a (OCoLC)04804371 
035 |9 AAL2008AM 
040 |a DLC  |c DLC  |d TXA  |d UtOrBLW 
049 |a TXAM  |c [1242907] 
050 0 0 |a QD478  |b .B63 
082 0 |a 541/.042/1 
100 1 |a Boldyrev, V. V.  |q (Vladimir Vi︠a︡cheslavovich) 
245 1 4 |a The control of the reactivity of solids :  |b a critical survey of the factors that influence the reactivity of solids, with special emphasis on the control of the chemical processes in relation to practical applications /  |c V. V. Boldyrev, M. Bulens, and B. Delmon. 
264 1 |a Amsterdam ;  |a New York :  |b Elsevier Scientific Pub. Co. ;  |c 1979. 
264 2 |a New York :  |b Distributors for the United States and Canada, Elsevier/North-Holland, 
300 |a viii, 226 pages :  |b illustrations ;  |c 25 cm. 
336 |a text  |b txt  |2 rdacontent 
337 |a unmediated  |b n  |2 rdamedia 
338 |a volume  |b nc  |2 rdacarrier 
490 1 |a Studies in surface science and catalysis ;  |v 2 
504 |a Includes bibliographical references and indexes. 
650 0 |a Solid state chemistry. 
650 0 |a Reactivity (Chemistry) 
700 1 |a Bulens, M.,  |d 1945- 
700 1 |a Delmon, Bernard. 
830 0 |a Studies in surface science and catalysis ;  |v 2. 
999 |a MARS 
999 f f |s 6cf8594f-4d65-3c4c-ae0a-7805d821e55b  |i 41829746-c97b-3bf8-b456-c554ddbe5000  |t 0 
952 f f |p ric  |a Texas A&M University  |b Rellis Campus  |c Joint Library Facility  |d Remote Storage  |t 0  |e QD478 .B63  |h Library of Congress classification  |i unmediated -- volume  |m A14804716359 
998 f f |a QD478 .B63  |t 0  |l Remote Storage